000 01031nam a22003017a 4500
005 20240530110614.0
008 161109s2015 ua a g b 000 0 ara d
017 _a2015/2494
_bمصر. دار الكتب
020 _a9789770529621
040 _aEG-CaGPL
_cEG-CaGPL
082 0 4 _221
_a616.89\
_bم د
100 0 _aمحمد حسن غانم
245 1 2 _aالدليل المختصر في الاضطرابات السيكوسوماتية /
_cمحمد حسن غانم
250 _aط.1
260 _c2015.
300 _a268 ص. :
_bجداول ؛
_c20 سم.
504 _aببليوجرافية : ص259- 268.
650 0 7 _2qrmak
_aالاضطرابات النفسية
650 0 7 _2qrmak
_aالصحة النفسية
650 0 7 _2qrmak
_aالخوف
650 0 7 _2qrmak
_aالعقد النفسية
650 0 7 _2qrmak
_aالانفعالات
650 0 7 _2qrmak
_aالغضب
650 0 4 _2qrmak
_aعلم النفس
_xاختبارات
651 _2qrmak
942 _2ddc
_cBK
999 _c62914
_d62914